| 000 | 01363nam a2200253Ia 4500 | ||
|---|---|---|---|
| 999 |
_c52504 _d52504 |
||
| 001 | 19527 | ||
| 003 | GE_BSU | ||
| 005 | 20200221163000.0 | ||
| 008 | 181216s1946||||ge |||||||||||||| ||geo|| | ||
| 040 | _cGE_BSU | ||
| 041 | _ageo | ||
| 080 | _a811.353:27-36 გ-51 | ||
| 245 |
_aგიორგი მთაწმინდლის ენა იოვანეს და ეფთვიმეს ცხოვრების მიხედვით = Житие Св. Иоанна и Св. Евфимия = The life of St. John and St. Euthymius _cრედაქტორი აკ. შანიძე ; გამომცემელი : ივ. ჯავახიშვილი. |
||
| 264 |
_aთბილისი : _bსაქართველოს სსრ მეცნიერებათა აკადემია, _c1946. |
||
| 300 |
_a171 გვ. ; _c24 სმ. |
||
| 541 | _h5ლ. | ||
| 653 | _aძველი ქართული ენა | ||
| 653 | _aწმინდანთა ცხოვრება | ||
| 653 | _aძველი ქართული ენა | ||
| 653 | _aგიორგი მთაწმინდლი | ||
| 700 |
_aშანიძე, აკ. _eრედაქტორი _97328 |
||
| 700 |
_aჯავახიშვილი, ივ. _eგამომცემელი _97329 |
||
| 942 |
_cBK _2udc |
||